000 00358nam a2200109 a 4500
001 000039784
005 20201002033730.0
008 130719s2004 cl a 000 0 spa d
245 0 _aEscuela militar del libertador general Bernardo O´Higgins.
260 _aSantiago de Chile-- Dirección de Bibliotecas, archivos y Museos,
_cs. f.-- 152 p.
999 _c39274
_d39274
040 _aDO-SdBNP